[Event "HUN-chT2 Breyer 1516"]
[Site "Hungary"]
[Date "2016.03.20"]
[Round "9.4"]
[White "Nagy, Csaba"]
[Black "Balogh, Zoltan"]
[Result "1/2-1/2"]
[WhiteElo "1957"]
[BlackElo "2083"]
[PlyCount "20"]
[EventDate "2015.09.13"]
[EventType "team-tourn"]
[EventRounds "11"]
[EventCountry "HUN"]
[SourceTitle "EXT 2017"]
[Source "ChessBase"]
[SourceDate "2016.10.25"]
[SourceVersion "1"]
[SourceVersionDate "2016.10.25"]
[SourceQuality "1"]
[WhiteTeam "Szazhalombatta"]
[BlackTeam "Vizugy"]
[WhiteTeamCountry "HUN"]
[BlackTeamCountry "HUN"]

1. e4 c5 2. Nf3 e6 3. d4 cxd4 4. Nxd4 a6 5. Bd3 Qc7 6. 0-0 Nf6 7. Qe2 d6 8. c4 Be7 9. b3 Nbd7 10. Bb2 0-0 1/2-1/2

[Event "HUN-chT2 Breyer 1516"]
[Site "Hungary"]
[Date "2015.11.29"]
[Round "5.6"]
[White "Csuta, Akos Koppany"]
[Black "Nagy, Csaba"]
[Result "1/2-1/2"]
[WhiteElo "2052"]
[BlackElo "1957"]
[PlyCount "72"]
[EventDate "2015.09.13"]
[EventType "team-tourn"]
[EventRounds "11"]
[EventCountry "HUN"]
[SourceTitle "CBM 170 Extra"]
[Source "ChessBase"]
[SourceDate "2016.02.25"]
[SourceVersion "1"]
[SourceVersionDate "2016.02.25"]
[SourceQuality "1"]
[WhiteTeam "Gyor UDSE"]
[BlackTeam "Szazhalombatta"]
[WhiteTeamCountry "HUN"]
[BlackTeamCountry "HUN"]

1. e4 Nf6 2. Nc3 d5 3. e5 Nfd7 4. Nxd5 Nxe5 5. Ne3 c5 6. Nf3 Nbc6 7. Nxe5 Nxe5 8. Bb5+ Bd7 9. Bxd7+ Qxd7 10. 0-0 g6 11. d3 Bg7 12. Rb1 Nc6 13. Bd2 0-0 14. Bc3 Rfd8 15. Re1 b5 16. Qg4 Qxg4 17. Nxg4 e6 18. Nf6+ Bxf6 19. Bxf6 Rd7 20. a3 Nd4 21. Bxd4 Rxd4 22. Re4 Rxe4 23. dxe4 Rd8 24. Kf1 Rd2 25. Rc1 c4 26. Ke1 Rd4 27. f3 Kf8 28. Rd1 e5 29. c3 Rxd1+ 30. Kxd1 f5 31. Ke2 fxe4 32. fxe4 Ke7 33. Ke3 Kd6 34. Kd2 Kc5 35. Kc1 a5 36. Kd2 h6 1/2-1/2

[Event "HUN-chT2 Breyer 1415"]
[Site "Hungary"]
[Date "2015.04.26"]
[Round "?"]
[White "Szanto, Levente"]
[Black "Nagy, Csaba"]
[Result "1/2-1/2"]
[WhiteElo "1957"]
[BlackElo "1992"]
[PlyCount "51"]
[EventDate "2014.09.07"]
[EventType "team-tourn"]
[EventRounds "11"]
[EventCountry "HUN"]
[SourceTitle "EXT 2016"]
[Source "ChessBase"]
[SourceDate "2015.10.08"]
[SourceVersion "1"]
[SourceVersionDate "2015.10.08"]
[SourceQuality "1"]
[WhiteTeam "Turul"]
[BlackTeam "Szazhalombatta"]
[WhiteTeamCountry "HUN"]
[BlackTeamCountry "HUN"]

1. e4 Nf6 2. e5 Nd5 3. c4 Nb6 4. d4 d6 5. Nf3 Bg4 6. exd6 cxd6 7. Be3 g6 8. Nc3 Bg7 9. Qd2 Bxf3 10. gxf3 0-0 11. h4 h5 12. Rg1 e5 13. Bh6 Nc6 14. d5 Nd4 15. Rg3 Nf5 16. Bxg7 Kxg7 17. Rh3 Nd4 18. 0-0-0 Qc8 19. b3 a5 20. Kb2 a4 21. Ne4 axb3 22. axb3 Qd7 23. Ng3 Na4+ 24. bxa4 Qxa4 25. Nxh5+ Kh7 26. Nf6+ 1/2-1/2

[Event "HUN-chT2 Breyer 1415"]
[Site "Hungary"]
[Date "2015.02.08"]
[Round "?"]
[White "Nagy, Csaba"]
[Black "Banhazi, Istvan"]
[Result "0-1"]
[WhiteElo "1992"]
[BlackElo "2059"]
[PlyCount "72"]
[EventDate "2014.09.07"]
[EventType "team-tourn"]
[EventRounds "11"]
[EventCountry "HUN"]
[SourceTitle "EXT 2016"]
[Source "ChessBase"]
[SourceDate "2015.10.08"]
[SourceVersion "1"]
[SourceVersionDate "2015.10.08"]
[SourceQuality "1"]
[WhiteTeam "Szazhalombatta"]
[BlackTeam "MAFC"]
[WhiteTeamCountry "HUN"]
[BlackTeamCountry "HUN"]

1. e4 c5 2. Nf3 d6 3. d4 cxd4 4. Nxd4 Nf6 5. Nc3 a6 6. Rg1 e5 7. Nb3 Be6 8. g4 h6 9. h4 d5 10. exd5 Nxd5 11. Bg2 Nxc3 12. Qxd8+ Kxd8 13. bxc3 Nc6 14. Bxc6 bxc6 15. Be3 Kc7 16. Nc5 Bc4 17. 0-0-0 Bd6 18. a4 Rab8 19. a5 Rhd8 20. Nb3 Kc8 21. Bb6 Rd7 22. Kb2 Bc7 23. Rxd7 Kxd7 24. Bxc7 Kxc7 25. Ka3 Rb5 26. Ka4 Rd5 27. Kb4 Be2 28. g5 h5 29. Re1 Rb5+ 30. Ka4 Bc4 31. Nd2 Be6 32. c4 Rb2 33. Rc1 Bf5 34. Nb3 Bxc2 35. Ka3 Rxb3+ 36. Ka2 Rc3 0-1

[Event "HUN-chT2 Breyer 1415"]
[Site "Hungary"]
[Date "2015.01.25"]
[Round "?"]
[White "Lugasi, Zoltan"]
[Black "Nagy, Csaba"]
[Result "1-0"]
[WhiteElo "2142"]
[BlackElo "1992"]
[PlyCount "69"]
[EventDate "2014.09.07"]
[EventType "team-tourn"]
[EventRounds "11"]
[EventCountry "HUN"]
[SourceTitle "EXT 2016"]
[Source "ChessBase"]
[SourceDate "2015.10.08"]
[SourceVersion "1"]
[SourceVersionDate "2015.10.08"]
[SourceQuality "1"]
[WhiteTeam "Geniusz Tata"]
[BlackTeam "Szazhalombatta"]
[WhiteTeamCountry "HUN"]
[BlackTeamCountry "HUN"]

1. e4 Nf6 2. e5 Nd5 3. c4 Nb6 4. d4 d6 5. Nf3 Nc6 6. exd6 cxd6 7. Nc3 Bg4 8. Be3 g6 9. Be2 Bg7 10. b3 0-0 11. Rc1 e5 12. dxe5 dxe5 13. 0-0 Qxd1 14. Rfxd1 Rfd8 15. h3 Bxf3 16. Bxf3 f5 17. Bxb6 axb6 18. Bd5+ Kf8 19. Kf1 e4 20. Na4 Bd4 21. Rc2 Ke7 22. Rcd2 Bc5 23. Bxc6 Rxd2 24. Rxd2 bxc6 25. Nxc5 bxc5 26. Ke2 f4 27. a4 Rb8 28. Rb2 Kd6 29. f3 Ke5 30. Kd2 exf3 31. gxf3 Kd4 32. a5 Ra8 33. Ra2 Ra6 34. Ra1 g5 35. Re1 1-0

[Event "HUN-chT2 Breyer 1213"]
[Site "Hungary"]
[Date "2013.04.21"]
[Round "11.7"]
[White "Nagy, Csaba"]
[Black "Mervo, Jozsef"]
[Result "1-0"]
[WhiteElo "2005"]
[BlackElo "2038"]
[PlyCount "111"]
[EventDate "2012.09.16"]
[EventType "team-tourn"]
[EventRounds "11"]
[EventCountry "HUN"]
[SourceTitle "EXT 2014"]
[Source "ChessBase"]
[SourceDate "2013.11.20"]
[SourceVersion "1"]
[SourceVersionDate "2013.11.20"]
[SourceQuality "1"]
[WhiteTeam "Szazhalombatta"]
[BlackTeam "Biatorbagy"]
[WhiteTeamCountry "HUN"]
[BlackTeamCountry "HUN"]

1. e4 c5 2. Nf3 e6 3. d4 cxd4 4. Nxd4 Nc6 5. c4 Nf6 6. Nxc6 bxc6 7. Bd3 e5 8. 0-0 Bc5 9. Bg5 h6 10. Bxf6 Qxf6 11. a3 a5 12. Nc3 0-0 13. Na4 Bd4 14. Rb1 d5 15. cxd5 cxd5 16. exd5 Bd7 17. Nc3 Rab8 18. Qe2 Qb6 19. a4 Qb4 20. Bb5 Rfd8 21. Rfc1 Bf5 22. Ra1 Bd7 23. Ra2 Rbc8 24. Ra3 Rc7 25. h3 Rdc8 26. Bxd7 Rxd7 27. Qb5 Rb7 28. Qf1 Qxb2 29. Ra2 Qb6 30. Nb5 Rc5 31. d6 Rd7 32. Rac2 Rxd6 33. Nxd6 Qxd6 34. Rxc5 Bxc5 35. Qc4 Bb4 36. Qc8+ Kh7 37. Qf5+ Qg6 38. Qxg6+ Kxg6 39. f3 h5 40. Kf2 h4 41. Rc4 Be7 42. Ke3 Kf5 43. Rc7 Ke6 44. Rb7 Bd8 45. Kd3 g5 46. Kc4 f6 47. Kb5 f5 48. Kc4 f4 49. Ra7 Kf5 50. Kd5 Bb6 51. Ra6 Bc7 52. Re6 Bb8 53. Re8 Ba7 54. Rxe5+ Kf6 55. Re6+ Kf5 56. Ra6 1-0

[Event "HUN-chT2 Breyer 1213"]
[Site "Hungary"]
[Date "2013.03.03"]
[Round "8.7"]
[White "Metzger, Istvan"]
[Black "Nagy, Csaba"]
[Result "1-0"]
[WhiteElo "1976"]
[BlackElo "2005"]
[PlyCount "75"]
[EventDate "2012.09.16"]
[EventType "team-tourn"]
[EventRounds "11"]
[EventCountry "HUN"]
[SourceTitle "EXT 2014"]
[Source "ChessBase"]
[SourceDate "2013.11.20"]
[SourceVersion "1"]
[SourceVersionDate "2013.11.20"]
[SourceQuality "1"]
[WhiteTeam "Zsambek"]
[BlackTeam "Szazhalombatta"]
[WhiteTeamCountry "HUN"]
[BlackTeamCountry "HUN"]

1. e4 Nf6 2. e5 Nd5 3. c4 Nb6 4. d4 d6 5. exd6 cxd6 6. Nf3 Bg4 7. h3 Bxf3 8. Qxf3 Nc6 9. Be3 g6 10. Nc3 Bg7 11. Qd1 0-0 12. Rc1 e5 13. dxe5 dxe5 14. Qxd8 Rfxd8 15. b3 Nd4 16. Be2 f5 17. c5 Nxe2 18. Kxe2 Nd5 19. Nxd5 Rxd5 20. f3 Rad8 21. Rcd1 Rxd1 22. Rxd1 Rxd1 23. Kxd1 a6 24. Kc2 Kf7 25. Kd3 Ke6 26. Kc4 f4 27. Bf2 Bf6 28. b4 Bd8 29. a4 g5 30. b5 axb5+ 31. axb5 Ba5 32. c6 bxc6 33. bxc6 Kd6 34. Kb5 Bd2 35. Bc5+ Kc7 36. Bf8 h5 37. Bg7 Bc3 38. Kc4 1-0

[Event "HUN-chT2 Breyer 1213"]
[Site "Hungary"]
[Date "2013.01.27"]
[Round "7.7"]
[White "Erky, Tamas"]
[Black "Nagy, Csaba"]
[Result "0-1"]
[WhiteElo "1544"]
[BlackElo "2005"]
[PlyCount "110"]
[EventDate "2012.09.16"]
[EventType "team-tourn"]
[EventRounds "11"]
[EventCountry "HUN"]
[SourceTitle "EXT 2014"]
[Source "ChessBase"]
[SourceDate "2013.11.20"]
[SourceVersion "1"]
[SourceVersionDate "2013.11.20"]
[SourceQuality "1"]
[WhiteTeam "Szechenyi"]
[BlackTeam "Szazhalombatta"]
[WhiteTeamCountry "HUN"]
[BlackTeamCountry "HUN"]

1. e4 Nf6 2. e5 Nd5 3. c4 Nb6 4. d4 d6 5. exd6 cxd6 6. Nf3 Bg4 7. h3 Bxf3 8. Qxf3 Nc6 9. Be3 g6 10. Nc3 Bg7 11. Qd1 0-0 12. Be2 e5 13. d5 Ne7 14. 0-0 f5 15. f3 Nd7 16. Rc1 Nf6 17. Qc2 f4 18. Bf2 Nf5 19. Ne4 b6 20. Ng5 Qd7 21. Ne6 Rfc8 22. b3 Nxd5 23. Nxg7 Kxg7 24. Qb2 Nde3 25. Bxe3 Nxe3 26. Rf2 Qe7 27. Bd3 Rc7 28. Be4 Rac8 29. Re1 Qf6 30. Rd2 Rc5 31. Qa3 R8c7 32. Ree2 b5 33. Re1 bxc4 34. Rc1 c3 35. Rf2 d5 36. Bd3 Qb6 37. b4 R5c6 38. b5 Rc5 39. Qb3 d4 40. a4 Nc4 41. Bxc4 Rxc4 42. Qc2 Qd6 43. Qd3 Rxa4 44. Rff1 Qc5 45. Rc2 Rb4 46. Rd1 Rxb5 47. Kf1 Qc4 48. Ke2 Qxd3+ 49. Kxd3 a5 50. Ra1 Ra7 51. Raa2 a4 52. Kc4 Rb8 53. Kd3 a3 54. Re2 Kf6 55. Rec2 Rb2 0-1

[Event "HUN-chT2 Breyer 1112"]
[Site "Hungary"]
[Date "2012.05.20"]
[Round "11.5"]
[White "Voros, Sandor"]
[Black "Nagy, Csaba"]
[Result "1/2-1/2"]
[WhiteElo "2001"]
[BlackElo "1983"]
[PlyCount "36"]
[EventDate "2011.09.25"]
[EventType "team-tourn"]
[EventRounds "11"]
[EventCountry "HUN"]
[SourceTitle "EXT 2013"]
[Source "ChessBase"]
[SourceDate "2012.11.22"]
[SourceVersion "1"]
[SourceVersionDate "2012.11.22"]
[SourceQuality "1"]
[WhiteTeam "Turul"]
[BlackTeam "Szazhalombatta"]
[WhiteTeamCountry "HUN"]
[BlackTeamCountry "HUN"]

1. e4 Nf6 2. e5 Nd5 3. d4 d6 4. exd6 cxd6 5. c4 Nb6 6. Nc3 Nc6 7. Be3 g6 8. Nf3 Bg4 9. Be2 Bg7 10. b3 0-0 11. Rc1 e5 12. d5 Bxf3 13. Bxf3 Ne7 14. 0-0 f5 15. Bg5 h6 16. Bxe7 Qxe7 17. Re1 Rad8 18. g3 a6 1/2-1/2

[Event "HUN-chT2 Breyer 1112"]
[Site "Hungary"]
[Date "2012.05.06"]
[Round "10.6"]
[White "Tegzes, Laszlo"]
[Black "Nagy, Csaba"]
[Result "1/2-1/2"]
[WhiteElo "2073"]
[BlackElo "1983"]
[PlyCount "61"]
[EventDate "2011.09.25"]
[EventType "team-tourn"]
[EventRounds "11"]
[EventCountry "HUN"]
[SourceTitle "EXT 2013"]
[Source "ChessBase"]
[SourceDate "2012.11.22"]
[SourceVersion "1"]
[SourceVersionDate "2012.11.22"]
[SourceQuality "1"]
[WhiteTeam "Husi"]
[BlackTeam "Szazhalombatta"]
[WhiteTeamCountry "HUN"]
[BlackTeamCountry "HUN"]

1. e4 Nf6 2. e5 Nd5 3. c4 Nb6 4. c5 Nd5 5. Nc3 c6 6. Bc4 d6 7. cxd6 exd6 8. d4 dxe5 9. dxe5 Bb4 10. Bd2 Bxc3 11. bxc3 0-0 12. Nf3 Bg4 13. 0-0 Nb6 14. Bb3 Bxf3 15. gxf3 N8d7 16. f4 Nc5 17. Qe2 Qd3 18. Qxd3 Nxd3 19. Be3 Rfd8 20. Rad1 c5 21. c4 g5 22. fxg5 Nxe5 23. f4 Nexc4 24. Bxc5 Nd2 25. Rf2 Nxb3 26. Rxd8+ Rxd8 27. axb3 Rd3 28. b4 Nd5 29. Bxa7 Nxb4 30. Re2 Kg7 31. Rb2 1/2-1/2

[Event "HUN-chT2 Breyer 1112"]
[Site "Hungary"]
[Date "2012.04.22"]
[Round "9.6"]
[White "Nagy, Csaba"]
[Black "Komlosi, Tibor"]
[Result "1/2-1/2"]
[WhiteElo "1983"]
[BlackElo "1893"]
[PlyCount "150"]
[EventDate "2011.09.25"]
[EventType "team-tourn"]
[EventRounds "11"]
[EventCountry "HUN"]
[SourceTitle "EXT 2013"]
[Source "ChessBase"]
[SourceDate "2012.11.22"]
[SourceVersion "1"]
[SourceVersionDate "2012.11.22"]
[SourceQuality "1"]
[WhiteTeam "Szazhalombatta"]
[BlackTeam "Kisber Aszar"]
[WhiteTeamCountry "HUN"]
[BlackTeamCountry "HUN"]

1. e4 e6 2. d4 d5 3. Nd2 Nf6 4. e5 Nfd7 5. f4 c5 6. c3 Nc6 7. Ngf3 Qb6 8. Nb3 Be7 9. Be2 a5 10. a4 cxd4 11. Nfxd4 0-0 12. Be3 Nc5 13. Nxc6 bxc6 14. Bxc5 Bxc5 15. Nxc5 Qxc5 16. Qd4 Qxd4 17. cxd4 Rb8 18. 0-0-0 Rb4 19. Kc2 Rxa4 20. Kc3 Bd7 21. Ra1 Rb4 22. Rxa5 Rfb8 23. Rb1 Rb3+ 24. Kc2 Be8 25. Ra3 R3b4 26. Kc3 f6 27. b3 Bg6 28. Rb2 c5 29. dxc5 Rxf4 30. exf6 gxf6 31. Bd3 d4+ 32. Kc4 Bf7 33. c6 e5+ 34. Kc5 e4 35. Ba6 Rf5+ 36. Kxd4 Rb4+ 37. Kc3 Rb6 38. Bb7 Be8 39. Ra8 Kf7 40. b4 Bxc6 41. Bxc6 Rxc6+ 42. Kd4 Re5 43. Ra7+ Kg6 44. Ke3 Rc3+ 45. Kd2 Rd3+ 46. Ke2 Rdd5 47. Rb7 Rb5 48. Rxb5 Rxb5 49. Ke3 f5 50. Kf4 h5 51. Rb3 Kf6 52. Rh3 Kg6 53. Rg3+ Kf6 54. Rb3 h4 55. Rc3 Ke6 56. Ra3 Kd6 57. Ra6+ Kc7 58. Rf6 Kd7 59. Ke3 Ke7 60. Rh6 Rxb4 61. Rxh4 Ke6 62. Rh8 Rb7 63. g3 Rb3+ 64. Ke2 Rf3 65. Rg8 Kf7 66. Rg5 Kf6 67. Rg8 Ra3 68. h4 Ra7 69. Ke3 Rg7 70. Rxg7 Kxg7 71. Kf4 Kg6 72. g4 fxg4 73. Kxg4 e3 74. Kf3 Kh5 75. Kxe3 Kxh4 1/2-1/2

[Event "HUN-chT2 Breyer 1011"]
[Site "Hungary"]
[Date "2011.04.17"]
[Round "9.7"]
[White "Csolig, Robert"]
[Black "Nagy, Csaba"]
[Result "1/2-1/2"]
[WhiteElo "2188"]
[BlackElo "1915"]
[PlyCount "94"]
[EventDate "2010.09.12"]
[EventType "team-tourn"]
[EventRounds "11"]
[EventCountry "HUN"]
[SourceTitle "EXT 2012"]
[Source "ChessBase"]
[SourceDate "2011.11.24"]
[SourceVersion "1"]
[SourceVersionDate "2011.11.24"]
[SourceQuality "1"]
[WhiteTeam "Geniusz Tata"]
[BlackTeam "Szazhalombatta"]
[WhiteTeamCountry "HUN"]
[BlackTeamCountry "HUN"]

1. d4 Nf6 2. c4 c5 3. d5 b5 4. cxb5 a6 5. bxa6 Bxa6 6. Nc3 d6 7. e4 Bxf1 8. Kxf1 g6 9. g3 Bg7 10. Kg2 0-0 11. Nf3 Qa5 12. Re1 Ng4 13. Qe2 Nd7 14. Nd2 Ngf6 15. Nc4 Qb4 16. a3 Qb3 17. a4 Rfb8 18. Ra3 Qb7 19. f4 Ne8 20. Qf3 Qb4 21. Qd3 Nc7 22. e5 dxe5 23. fxe5 Nb6 24. Nxb6 Qxb6 25. Re2 Na6 26. e6 f5 27. Nb5 Nb4 28. Qf3 Rd8 29. d6 exd6 30. e7 Re8 31. Bf4 d5 32. Nc7 Rac8 33. Nxe8 Rxe8 34. Be5 Bxe5 35. Rxe5 Qd6 36. Qf4 d4 37. Kh3 Nd5 38. Rxd5 Qxd5 39. a5 Qb7 40. Qd6 Qxe7 41. Qd5+ Qe6 42. Qxc5 f4+ 43. Kh4 fxg3 44. Rxg3 Qf6+ 45. Qg5 Re4+ 46. Rg4 Qf2+ 47. Kh3 Qf1+ 1/2-1/2

[Event "HUN-chT2 Breyer 1011"]
[Site "Hungary"]
[Date "2011.04.10"]
[Round "8.8"]
[White "Voros, Sandor"]
[Black "Nagy, Csaba"]
[Result "0-1"]
[WhiteElo "2046"]
[BlackElo "1915"]
[PlyCount "90"]
[EventDate "2010.09.12"]
[EventType "team-tourn"]
[EventRounds "11"]
[EventCountry "HUN"]
[SourceTitle "EXT 2012"]
[Source "ChessBase"]
[SourceDate "2011.11.24"]
[SourceVersion "1"]
[SourceVersionDate "2011.11.24"]
[SourceQuality "1"]
[WhiteTeam "Turul"]
[BlackTeam "Szazhalombatta"]
[WhiteTeamCountry "HUN"]
[BlackTeamCountry "HUN"]

1. e4 Nf6 2. e5 Nd5 3. d4 d6 4. Nf3 Bg4 5. Be2 e6 6. 0-0 Nd7 7. c4 N5b6 8. exd6 cxd6 9. b3 Be7 10. h3 Bh5 11. Nc3 0-0 12. Re1 a6 13. Bb2 Nf6 14. Nh2 Bxe2 15. Qxe2 d5 16. c5 Nbd7 17. b4 Re8 18. Qf3 Nb8 19. Rad1 Nc6 20. a3 Bf8 21. Ng4 Nxg4 22. Qxg4 g6 23. f4 Bg7 24. Ne2 b6 25. Qf3 bxc5 26. bxc5 Rb8 27. Ba1 Qa5 28. h4 Rb5 29. h5 Reb8 30. hxg6 hxg6 31. f5 gxf5 32. g4 fxg4 33. Qxg4 Qd8 34. Rf1 f5 35. Qg2 Rb3 36. Bc3 Qf6 37. Be1 Kf7 38. Rf3 Rxf3 39. Qxf3 Qg5+ 40. Bg3 Rb2 41. Kf1 Qg4 42. Qe3 Qe4 43. Kf2 Bxd4 44. Rxd4 Nxd4 45. Qxe4 fxe4 0-1

[Event "HUN-chT2 Breyer 1011"]
[Site "Hungary"]
[Date "2010.11.07"]
[Round "5.8"]
[White "Nagy, Csaba"]
[Black "Toth, Jozsef2222"]
[Result "0-1"]
[WhiteElo "1915"]
[BlackElo "2180"]
[PlyCount "106"]
[EventDate "2010.09.12"]
[EventType "team-tourn"]
[EventRounds "11"]
[EventCountry "HUN"]
[SourceTitle "EXT 2012"]
[Source "ChessBase"]
[SourceDate "2011.11.24"]
[SourceVersion "1"]
[SourceVersionDate "2011.11.24"]
[SourceQuality "1"]
[WhiteTeam "Szazhalombatta"]
[BlackTeam "Gyor Elektromos"]
[WhiteTeamCountry "HUN"]
[BlackTeamCountry "HUN"]

1. e4 c5 2. Nf3 Nc6 3. d4 cxd4 4. Nxd4 Nf6 5. Nc3 e5 6. Ndb5 d6 7. Bg5 a6 8. Na3 b5 9. Nd5 Be7 10. Bxf6 Bxf6 11. c4 Nd4 12. Nc2 Nxc2+ 13. Qxc2 0-0 14. cxb5 axb5 15. Qc7 Be6 16. Qxd8 Rfxd8 17. Nb4 d5 18. Bd3 dxe4 19. Bxe4 Ra4 20. a3 Be7 21. 0-0 Rd2 22. Bc2 Rxb4 23. axb4 Rxc2 24. Ra8+ Rc8 25. Rxc8+ Bxc8 26. Ra1 Be6 27. Ra8+ Bf8 28. Kf1 g6 29. Ke2 Kg7 30. Kd3 Bd5 31. Rb8 Bxg2 32. Ke2 Bd5 33. Ke3 Bc4 34. b3 Bf1 35. f3 f5 36. Re8 Bxb4 37. Rxe5 Bc3 38. Re7+ Kf6 39. Rxh7 b4 40. h4 Bb5 41. h5 gxh5 42. Rxh5 Kg6 43. Rh1 Be8 44. Rg1+ Kf6 45. f4 Bf7 46. Rb1 Bd5 47. Ke2 Ke6 48. Ke3 Kd6 49. Ke2 Kc5 50. Ke3 Bf7 51. Kd3 Be6 52. Ke3 Bd5 53. Ke2 Kd4 0-1

[Event "HUN-chT2 Maroczy 0607"]
[Site "Hungary"]
[Date "2007.04.29"]
[Round "9"]
[White "Hetenyi, Geza"]
[Black "Nagy, Csaba"]
[Result "1-0"]
[WhiteElo "2227"]
[BlackElo "2097"]
[PlyCount "51"]
[EventDate "2006.11.12"]
[EventType "team"]
[EventRounds "11"]
[EventCountry "HUN"]
[SourceTitle "EXT 2008"]
[Source "ChessBase"]
[SourceDate "2007.11.25"]
[SourceVersion "1"]
[SourceVersionDate "2007.11.25"]
[SourceQuality "1"]
[WhiteTeam "Dunaharaszti"]
[BlackTeam "DEAC"]
[WhiteTeamCountry "HUN"]
[BlackTeamCountry "HUN"]

1. d4 Nf6 2. c4 a6 3. Nc3 c5 4. d5 b5 5. cxb5 axb5 6. Nxb5 Bb7 7. Nc3 Qa5 8. Bd2 Qb6 9. e4 e6 10. Bc4 Nxe4 11. Nge2 Nf6 12. Nf4 Na6 13. 0-0 Nc7 14. Re1 Bd6 15. Nh5 Nxh5 16. Qxh5 0-0 17. Re3 Ne8 18. Rh3 Nf6 19. Qh4 Rfe8 20. Bg5 Be5 21. Rd1 exd5 22. Nxd5 Bxd5 23. Bxd5 h6 24. Bxa8 Rxa8 25. Bxh6 g6 26. Bf4 1-0

[Event "HUN-chT2 Maroczy 0607"]
[Site "Hungary"]
[Date "2006.11.26"]
[Round "2"]
[White "Nagy, Csaba"]
[Black "Konyves, Karoly"]
[Result "1-0"]
[WhiteElo "2097"]
[BlackElo "2067"]
[PlyCount "87"]
[EventDate "2006.11.12"]
[EventType "team"]
[EventRounds "11"]
[EventCountry "HUN"]
[SourceTitle "EXT 2008"]
[Source "ChessBase"]
[SourceDate "2007.11.25"]
[SourceVersion "1"]
[SourceVersionDate "2007.11.25"]
[SourceQuality "1"]
[WhiteTeam "DEAC"]
[BlackTeam "Vizugy"]
[WhiteTeamCountry "HUN"]
[BlackTeamCountry "HUN"]

1. d4 d5 2. Nf3 c6 3. e3 Bg4 4. c4 Nf6 5. Qb3 Qb6 6. Ne5 Bf5 7. Nc3 e6 8. c5 Qc7 9. Bd2 Nbd7 10. Nxd7 Nxd7 11. Qa4 Be7 12. b4 0-0 13. b5 Bf6 14. Be2 e5 15. 0-0 Rfe8 16. Bf3 Bd3 17. Rfe1 Nf8 18. Be2 Bg6 19. Nd1 Ne6 20. Bc3 exd4 21. exd4 Nf4 22. Bf1 Rxe1 23. Bxe1 Nd3 24. Bxd3 Bxd3 25. bxc6 bxc6 26. Ba5 Qb7 27. Ne3 Qb2 28. Rd1 Bb5 29. Qb3 Bxd4 30. Qxb2 Bxb2 31. Nxd5 cxd5 32. Rb1 Rc8 33. Rxb2 Rxc5 34. f3 g6 35. Bd2 Kg7 36. Be3 Rc4 37. Rxb5 d4 38. Bd2 Rc2 39. Be1 Rxa2 40. Rd5 Ra4 41. Rxd4 Ra1 42. Kf2 a5 43. Bc3 Ra2+ 44. Rd2+ 1-0

[Event "HUN-chT2 Maroczy 0607"]
[Site "Hungary"]
[Date "2006.11.12"]
[Round "1"]
[White "Barcsi, Judit"]
[Black "Nagy, Csaba"]
[Result "1-0"]
[WhiteElo "2035"]
[BlackElo "2097"]
[PlyCount "71"]
[EventDate "2006.11.12"]
[EventType "team"]
[EventRounds "11"]
[EventCountry "HUN"]
[SourceTitle "EXT 2008"]
[Source "ChessBase"]
[SourceDate "2007.11.25"]
[SourceVersion "1"]
[SourceVersionDate "2007.11.25"]
[SourceQuality "1"]
[WhiteTeam "Maroczy"]
[BlackTeam "DEAC"]
[WhiteTeamCountry "HUN"]
[BlackTeamCountry "HUN"]

1. e4 c5 2. Nf3 a6 3. c3 b5 4. d4 e6 5. Be3 Nf6 6. Bd3 Bb7 7. Nbd2 Qc7 8. Rc1 Be7 9. 0-0 Ng4 10. Qe2 0-0 11. h3 Nxe3 12. fxe3 d6 13. e5 Nd7 14. exd6 Bxd6 15. Bxh7+ Kxh7 16. Ng5+ Kg6 17. Nxf7 Nf6 18. Nxd6 Qxd6 19. Qd3+ Kf7 20. e4 Qc6 21. Nf3 Ke7 22. Ne5 Qxe4 23. Qg3 Rg8 24. Rce1 Qd5 25. Ng6+ Kd7 26. Nf4 Nh5 27. Nxh5 Qxh5 28. Re5 Qe8 29. dxc5 Rd8 30. Qg4 Bd5 31. Rxd5+ Kc7 32. Rxd8 Qxd8 33. Qxe6 Re8 34. Qb6+ Kc8 35. Qxa6+ Kb8 36. Qxb5+ 1-0

[Event "HUN-chT2 Barcza 0506"]
[Site "Hungary"]
[Date "2006.02.12"]
[Round "7"]
[White "Arva, Karoly"]
[Black "Nagy, Csaba"]
[Result "0-1"]
[WhiteElo "1996"]
[BlackElo "2091"]
[PlyCount "76"]
[EventDate "2005.10.16"]
[EventType "team"]
[EventRounds "11"]
[EventCountry "HUN"]
[SourceTitle "EXT 2009"]
[Source "ChessBase"]
[SourceDate "2008.11.26"]
[SourceVersion "1"]
[SourceVersionDate "2008.11.26"]
[SourceQuality "1"]
[WhiteTeam "Pladany MAV"]
[BlackTeam "DEAC"]
[WhiteTeamCountry "HUN"]
[BlackTeamCountry "HUN"]

1. e4 c5 2. Nf3 d6 3. Nc3 e6 4. g3 b5 5. Bg2 Bb7 6. d3 Nf6 7. 0-0 Be7 8. Ne1 0-0 9. f4 d5 10. e5 Nfd7 11. Ne2 Qc7 12. Nf3 Nc6 13. d4 Rac8 14. c3 b4 15. Be3 a5 16. Qd3 Qb6 17. Rf2 Ba6 18. Qd2 a4 19. g4 Na5 20. dxc5 Qb7 21. Bd4 Nxc5 22. Ng3 Nd3 23. Re2 a3 24. b3 bxc3 25. Bxc3 Rxc3 26. Qxc3 Bb4 27. Qc2 Rc8 28. Qd1 Qb6+ 29. Kh1 Nf2+ 30. Rxf2 Qxf2 31. f5 Bc3 32. Rb1 Qxa2 33. b4 Nc4 34. fxe6 fxe6 35. Nf1 Qf2 36. Ng5 a2 37. Ra1 Bxa1 38. Qxa1 Qb2 0-1

[Event "HUN-chT2 Barcza 0506"]
[Site "Hungary"]
[Date "2006.01.22"]
[Round "6"]
[White "Pal, Ferenc"]
[Black "Nagy, Csaba"]
[Result "0-1"]
[WhiteElo "2020"]
[BlackElo "2091"]
[PlyCount "40"]
[EventDate "2005.10.16"]
[EventType "team"]
[EventRounds "11"]
[EventCountry "HUN"]
[SourceTitle "EXT 2009"]
[Source "ChessBase"]
[SourceDate "2008.11.26"]
[SourceVersion "1"]
[SourceVersionDate "2008.11.26"]
[SourceQuality "1"]
[WhiteTeam "Piremon II"]
[BlackTeam "DEAC"]
[WhiteTeamCountry "HUN"]
[BlackTeamCountry "HUN"]

1. e4 c5 2. Nf3 a6 3. d4 cxd4 4. Nxd4 Nf6 5. Nc3 e5 6. Nf5 d5 7. Qf3 d4 8. Nd5 Nxd5 9. exd5 Qc7 10. Bd2 Qxc2 11. Rc1 Qxf5 12. Bd3 Qxf3 13. gxf3 Nd7 14. Rg1 g6 15. f4 Bd6 16. f5 Nf6 17. Bh6 Nxd5 18. f6 Be6 19. Bg7 Rg8 20. Be4 Kd7 0-1